Dr. Who characters and aliens Quiz Stats

 Plays Quiz not verified by Sporcle

Score 0/54 Timer 12:00
0 Plays Today
Hint Character % Correct
The 9th and 10th doctors companionRose Tyler
85%
Robot DogK-9
84.4%
The main enemies of the Time Lords in the time warThe Daleks
81%
The Doctors shipThe TARDIS
79.7%
The runaway brideDonna Noble
79.3%
The doctors time lord enemyThe Master
78.4%
Main CharacterThe Doctor
77.8%
Upgraded humansThe Cybermen
77.6%
The 11th Doctors companionAmy Pond
76.7%
Medical StudentMartha Jones
75.9%
The 9th doctors companions boyfriendMickey Smith
73.1%
Statues, but only when you look at themThe Weeping Angels
73.1%
They have to use a communication ball to talkThe Ood
71.6%
'Spoilers'River Song
70.9%
Old companion, owns a robot dogSarah Jane Smith
70.5%
The 11th Doctors companions boyfriendRory Williams
70.3%
The 9th doctors companions motherJackie Tyler
64.5%
A big head, millions of years oldThe Face of Boe
63.5%
It is beleived he can't dieCaptain Jack Harkness
57.9%
Attacked Queen VictoriaWerewolf
56.8%
Living fatThe Adipose
54.1%
The creator of the time lords main enemiesDavros
51.7%
They invaded 10 downing streetThe Slitheen
47.4%
MP for Flydale North, later becomes PMHarriet Jones
46.6%
The last humanCassandra
46.2%
The 9th Doctors companions fatherPete Tyler
43.4%
The 10th doctors last companions GrandfatherWilfred Mott
41.9%
Hint Character % Correct
Brother of Mine, Mother of Miine, Father of Mine, Sister of mineThe Family of Blood
40.2%
Played by Kylie MinogueAstrid Peth
38.5%
They created ATMOSThe Sontarans
37.4%
Intergalactic PoliceThe Judoon
37.4%
Met in a parrallel Universe, killed by cybermenRickey Smith
36.3%
The Devil, SatanThe Beast
29.1%
Living ShadowsThe Vashta Nerada
27.8%
Had a sword fight with the Doctor on Christmas dayThe Sycorax
27.8%
Fish like creatures that are at war with humans in the futureThe Hath
26.9%
Led by SecThe Cult of Skaro
26.5%
Spider like empress, attacked on Christmas dayThe Racnoss
24.6%
Giant crabsThe Macra
24.4%
Sister of medical studentTish Jones
24.1%
Giant waspThe Vespiform
22%
Bat like aliens that take over a schoolThe Krillitane
20.1%
Brother of medical studentLeo Jones
18.4%
WitchesCarrionites
17.9%
Ran Satalite 5 when it was a news stationThe Jagrafess
16%
They erupted mount vesuviusThe Pyrovile
15.4%
The 10th doctors last companions MotherSylvia Noble
14.3%
'SHOW ME YOUR TEETH!'The Futurekind
14.1%
Met in a parrallel Universe, still aliveJake Simmonds
13.7%
Helped the 10th doctor in the Easter SpecialLady Christina
13.5%
From the planet KlomThe Abzorbaloff
13.2%
Mother of the medical studentFrancine Jones
9.4%
Father of medical studentClive Jones
8.1%
Little, steals peopleThe Graske
5.8%

You're not logged in!

Compare scores with friends on all Sporcle quizzes.
OR
Log In

Show Comments

Extras

Created Nov 29, 2010ReportNominate
Tags:alien, character

Top Quizzes Today


Score Distribution

Your Account Isn't Verified!

In order to create a playlist on Sporcle, you need to verify the email address you used during registration. Go to your Sporcle Settings to finish the process.

Report this User

Report this user for behavior that violates our Community Guidelines.

Details: